000 00774nam a2200229Ii 4500
003 JO-AjNU
008 230605s9999||||xx |||||||||||||| ||und||
017 _a16476
020 _a978-977-477-111-7
040 _aJO-AjNU
_bara
_erda
_cJO-AjNU
041 _aara
050 1 4 _aBP173.75.I77 2013
100 3 _aإعداد: الوادي، محمود؛ أنور عبد الكريم,
_eauthor
_943991
245 0 0 _aالاقتصاد الإسلامي
250 _aط1
264 3 1 _aالقاهرة: الشركة العربية المتحدة للتسويق والتوريدات، 2013
300 _a391ص
336 _atext
_btxt
_2rdacontent
337 _aunmediated
_bn
_2rdamedia
338 _avolume
_bnc
_2rdacarrier
650 4 _aالاقتصاد الاسلامي
_943992
999 _aA18956
_c22524
_d22524